[Event "ICS rated blitz match"]
[Site "204.178.125.65"]
[Date "2001.01.01"]
[Round "?"]
[White "Hossa"]
[Black "rancler"]
[Result "1/2-1/2"]
[WhiteElo "2548"]
[BlackElo "2547"]
[PlyCount "73"]
[EventDate "2001.??.??"]

1. e4 c5 2. Nf3 d6 3. d4 cxd4 4. Nxd4 Nf6 5. Nc3 e6 6. Be3 a6 7. Bd3 Qc7 8. O-O
Be7 9. Qd2 Nc6 10. Nxc6 bxc6 11. f3 d5 12. Na4 Rb8 13. c4 Bd6 14. g3 dxe4 15.
Bxe4 O-O 16. Qf2 Nxe4 17. fxe4 f5 18. Bc5 e5 19. b3 Be7 20. Bxe7 Qxe7 21. Qc5
Qf6 22. Rad1 f4 23. Nb6 Qg6 24. Nxc8 Rbxc8 25. Qxe5 Rce8 26. Qd6 Rf6 27. Qd7
fxg3 28. Rxf6 gxh2+ 29. Kxh2 Qh5+ 30. Kg3 Qg5+ 31. Kh3 Qh5+ 32. Kg2 Qg5+ 33.
Kh3 Qh5+ 34. Kg2 Qg5+ 35. Kh3 Qh5+ 36. Kg2 Qg5+ 37. Kh3 {
Game drawn by repetition} 1/2-1/2

[Event "ICS rated blitz match"]
[Site "204.178.125.65"]
[Date "2001.01.01"]
[Round "?"]
[White "rancler"]
[Black "Hossa"]
[Result "0-1"]
[WhiteElo "2559"]
[BlackElo "2548"]
[PlyCount "98"]
[EventDate "2001.??.??"]

1. e4 c5 2. Ne2 Nc6 3. d4 cxd4 4. Nxd4 d6 5. Nc3 e5 6. Nde2 Nf6 7. g3 Be7 8.
Bg2 O-O 9. O-O Bd7 10. a3 Rc8 11. Qd3 Na5 12. Rd1 h6 13. b3 Qc7 14. Bb2 Qb6 15.
Rab1 Qc7 16. Rd2 a6 17. Re1 Qb6 18. Ba1 Qc7 19. Bh1 Bh3 20. Red1 b5 21. Bg2
Bxg2 22. Kxg2 Nc6 23. Bb2 b4 24. axb4 Nxb4 25. Qf3 Qd7 26. Ra1 Nh7 27. h4 f5
28. Ra4 Rb8 29. exf5 Rxf5 30. Qe4 Nf6 31. Rxb4 Rxf2+ 32. Kxf2 Nxe4+ 33. Rxe4
Rf8+ 34. Ke1 Qf5 35. Rd3 g5 36. Kd1 Qf1+ 37. Kd2 Qg2 38. h5 Rf1 39. g4 Qf2 40.
Rd5 Qe1+ 41. Ke3 Rh1 42. Kd3 Qf2 43. Ra5 Rh3+ 44. Kd2 Qg2 45. Raa4 a5 46. Nd5
Bf8 47. Rxa5 Bg7 48. Ra8+ Kh7 49. Rea4 Qxd5+ {rancler resigns} 0-1

[Event "ICS rated blitz match"]
[Site "204.178.125.65"]
[Date "2001.01.01"]
[Round "?"]
[White "Hossa"]
[Black "rancler"]
[Result "0-1"]
[WhiteElo "2565"]
[BlackElo "2542"]
[PlyCount "90"]
[EventDate "2001.??.??"]

1. e4 e6 2. d4 d5 3. Nc3 Bb4 4. e5 c5 5. a3 Bxc3+ 6. bxc3 Ne7 7. Qg4 Qc7 8.
Qxg7 Rg8 9. Qxh7 cxd4 10. Ne2 Nbc6 11. f4 dxc3 12. Be3 Bd7 13. g3 Qa5 14. Bg2
Rb8 15. O-O Rg6 16. Rfe1 Rd8 17. Bf2 Nf5 18. Reb1 Nce7 19. Qh8+ Rg8 20. Qh5 Bb5
21. a4 Bc6 22. Nd4 Nxd4 23. Bxd4 Nf5 24. Bf2 Rg6 25. Qe2 Rg7 26. Qd3 d4 27.
Bxc6+ bxc6 28. Rb7 Qd5 29. Re1 Nh4 30. Re4 a6 31. Ra7 c5 32. Rxa6 c4 33. Qe2 d3
34. Qh5 dxc2 35. Qh8+ Kd7 36. Ra7+ Kc8 37. Ra8+ Qxa8 38. Rxc4+ Kb7 39. Be3 Ka6
40. Qxh4 Rd1+ 41. Kf2 Rf1+ 42. Kxf1 Qf3+ 43. Kg1 Qxe3+ 44. Kg2 Qe2+ 45. Kg1
c1=Q# {Hossa checkmated} 0-1

[Event "ICS rated blitz match"]
[Site "204.178.125.65"]
[Date "2001.01.01"]
[Round "?"]
[White "astrogr"]
[Black "Hossa"]
[Result "0-1"]
[WhiteElo "2110"]
[BlackElo "2548"]
[PlyCount "46"]
[EventDate "2001.??.??"]

1. Nf3 Nf6 2. c4 e6 3. d4 b6 4. Nc3 Bb7 5. g3 d5 6. Qa4+ Bc6 7. Qb3 dxc4 8.
Qxc4 Bxf3 9. exf3 a6 10. Be3 b5 11. Qb3 Nc6 12. Rd1 Bd6 13. Ne4 Bb4+ 14. Nc3
O-O 15. Bg2 Nd5 16. O-O Na5 17. Qc2 Bxc3 18. bxc3 Qd7 19. f4 Nc4 20. Bc1 Rab8
21. Rfe1 a5 22. f5 exf5 23. Qe2 Nxc3 {astrogr resigns} 0-1

[Event "ICS rated blitz match"]
[Site "204.178.125.65"]
[Date "2001.01.01"]
[Round "?"]
[White "Hossa"]
[Black "SSM"]
[Result "1-0"]
[WhiteElo "2550"]
[BlackElo "2298"]
[PlyCount "25"]
[EventDate "2001.??.??"]

1. e4 e5 2. Nf3 Nf6 3. Nxe5 d6 4. Nf3 Nxe4 5. Qe2 Qe7 6. d3 Nf6 7. Bg5 Nbd7 8.
Nc3 h6 9. Bh4 c6 10. Ne4 Kd8 11. O-O-O g5 12. Bg3 Nh5 13. Bxd6 {SSM resigns}
1-0

[Event "ICS rated blitz match"]
[Site "204.178.125.65"]
[Date "2001.01.02"]
[Round "?"]
[White "Hossa"]
[Black "Curioso"]
[Result "1-0"]
[WhiteElo "2556"]
[BlackElo "1968"]
[PlyCount "59"]
[EventDate "2001.??.??"]

1. d4 b6 2. c4 Bb7 3. Nf3 d6 4. Nc3 Nd7 5. e4 e5 6. Bd3 g6 7. dxe5 Nxe5 8. Nxe5
dxe5 9. O-O Bg7 10. Be3 Ne7 11. Qe2 O-O 12. Rfd1 c6 13. Qd2 Qc7 14. Bh6 Rad8
15. Qg5 f6 16. Qh4 Nc8 17. c5 b5 18. Bc2 Bxh6 19. Qxh6 Qg7 20. Bb3+ Kh8 21. Qh4
Ne7 22. a4 a6 23. axb5 cxb5 24. Be6 Nc6 25. Rxd8 Rxd8 26. Bd5 Rd7 27. Bxc6 Bxc6
28. Rxa6 h5 29. Rxc6 b4 30. Nd5 {Curioso resigns} 1-0

[Event "ICS rated blitz match"]
[Site "204.178.125.65"]
[Date "2001.01.02"]
[Round "?"]
[White "Curioso"]
[Black "Hossa"]
[Result "0-1"]
[WhiteElo "1967"]
[BlackElo "2557"]
[PlyCount "94"]
[EventDate "2001.??.??"]

1. b3 d5 2. Bb2 c5 3. e3 Nc6 4. Nf3 Nf6 5. d4 cxd4 6. Nxd4 Nxd4 7. exd4 e6 8.
Bd3 Qc7 9. Nd2 Bb4 10. O-O Bc3 11. Bxc3 Qxc3 12. Nf3 Bd7 13. Qd2 Qxd2 14. Nxd2
Rc8 15. c4 Bc6 16. c5 Ke7 17. a4 a5 18. Rfb1 g5 19. b4 axb4 20. Rxb4 g4 21. Bb5
Kd7 22. Rab1 Rb8 23. Bxc6+ Kxc6 24. Rb6+ Kc7 25. c6 bxc6 26. Rxb8 Rxb8 27. Rxb8
Kxb8 28. Nb3 Nd7 29. f4 gxf3 30. gxf3 e5 31. Kf2 exd4 32. Nxd4 c5 33. Nf5 Kb7
34. Nd6+ Ka6 35. Nxf7 Ka5 36. h4 Kxa4 37. h5 Nf6 38. h6 d4 39. Ng5 Kb4 40. Ke2
Kc3 41. Ne4+ Nxe4 42. fxe4 d3+ 43. Kd1 d2 44. e5 Kd3 45. e6 c4 46. e7 c3 47.
e8=Q c2# {Curioso checkmated} 0-1

[Event "ICS rated blitz match"]
[Site "204.178.125.65"]
[Date "2001.01.02"]
[Round "?"]
[White "Nimni"]
[Black "Hossa"]
[Result "0-1"]
[WhiteElo "1943"]
[BlackElo "2559"]
[PlyCount "40"]
[EventDate "2001.??.??"]

1. e4 c5 2. Nc3 Nc6 3. Bb5 d6 4. Bxc6+ bxc6 5. f4 Nf6 6. Nf3 g6 7. O-O Bg7 8.
d3 O-O 9. Qe1 Rb8 10. Qh4 Ng4 11. f5 gxf5 12. exf5 Bxf5 13. Ng5 Qd7 14. Bd2
Rxb2 15. Rf4 Rxc2 16. Raf1 Bxd3 17. Rxf7 Rxf7 18. Rxf7 Bd4+ 19. Kh1 Rxd2 20.
Rxh7 Bxc3 {Nimni resigns} 0-1

[Event "ICS rated blitz match"]
[Site "204.178.125.65"]
[Date "2001.01.02"]
[Round "?"]
[White "Tinker"]
[Black "Hossa"]
[Result "1-0"]
[WhiteElo "2471"]
[BlackElo "2560"]
[PlyCount "101"]
[EventDate "2001.??.??"]

1. e4 c5 2. Nf3 d6 3. d4 cxd4 4. Nxd4 Nf6 5. Nc3 Nc6 6. Be2 g6 7. Be3 Bg7 8.
O-O O-O 9. Qd2 Ng4 10. Bxg4 Bxg4 11. Nxc6 bxc6 12. Bh6 e5 13. Bxg7 Kxg7 14. h3
Be6 15. Rfd1 Rb8 16. Rab1 Qa5 17. Qxd6 Rfd8 18. Qxc6 Rxd1+ 19. Rxd1 Rxb2 20.
Nd5 Qxa2 21. Qd6 Bxd5 22. exd5 e4 23. Qe5+ Kg8 24. Qe8+ Kg7 25. Qxe4 Rxc2 26.
Qd4+ Kg8 27. d6 Rc8 28. d7 Rd8 29. Re1 Qe6 30. Rxe6 fxe6 31. Qc4 Kf7 32. Qh4
Rxd7 33. Qxh7+ Ke8 34. Qxg6+ Ke7 35. h4 e5 36. h5 Rd1+ 37. Kh2 Rd8 38. h6 a5
39. h7 Rb8 40. Qg8 Rxg8 41. hxg8=Q e4 42. Qg5+ Kd6 43. Qxa5 Kd7 44. Qd5+ Ke7
45. Kg3 Kf6 46. Qxe4 Kf7 47. Kf4 Kf8 48. Kf5 Kf7 49. Qb7+ Kg8 50. Kg6 Kf8 51.
Qf7# {Hossa checkmated} 1-0

[Event "ICS rated blitz match"]
[Site "204.178.125.65"]
[Date "2001.01.02"]
[Round "?"]
[White "Hossa"]
[Black "Tinker"]
[Result "1-0"]
[WhiteElo "2540"]
[BlackElo "2491"]
[PlyCount "113"]
[EventDate "2001.??.??"]

1. d4 g6 2. c4 Nf6 3. g3 Bg7 4. Bg2 O-O 5. Nf3 c5 6. d5 d6 7. O-O b5 8. cxb5 a6
9. bxa6 Bf5 10. Nc3 Ne4 11. Nxe4 Bxe4 12. Bh3 Bxf3 13. exf3 Nxa6 14. Re1 Bd4
15. Bg5 Re8 16. Qd2 Nb4 17. Bf1 Nxd5 18. Bb5 Rb8 19. a4 Rf8 20. Bh6 Nc7 21.
Bxf8 Kxf8 22. Qe2 d5 23. Ra2 Nxb5 24. axb5 Qe8 25. Ra5 e5 26. Rea1 c4 27. Qd2
Rxb5 28. Rxb5 Qxb5 29. Ra8+ Kg7 30. Ra5 Qxb2 31. Qxb2 Bxb2 32. Rxd5 c3 33. Rc5
Kf6 34. Kf1 Ke6 35. Ke2 h5 36. Kd3 Kf6 37. Ke4 Kg7 38. h4 f6 39. Rc7+ Kf8 40.
Kd5 Ba1 41. Ke6 f5 42. Kf6 Ke8 43. Kxg6 Bb2 44. Kxf5 Kd8 45. Rc4 Ke7 46. f4
exf4 47. Kxf4 Kd6 48. Ke4 Ke6 49. f3 Ba1 50. Rc6+ Kd7 51. Rc5 c2 52. Rxc2 Kd6
53. Rd2+ Kc7 54. Rd5 Bf6 55. Rxh5 Kd8 56. Rh7 Ke8 57. Kf5 {Tinker resigns} 1-0

[Event "ICS rated blitz match"]
[Site "204.178.125.65"]
[Date "2001.01.03"]
[Round "?"]
[White "PostModernist"]
[Black "Hossa"]
[Result "1-0"]
[WhiteElo "2588"]
[BlackElo "2554"]
[PlyCount "107"]
[EventDate "2001.??.??"]

1. e4 c5 2. c3 d5 3. exd5 Qxd5 4. d4 Nf6 5. Nf3 e6 6. Be3 cxd4 7. cxd4 Bb4+ 8.
Nc3 Qa5 9. Qc2 Bd7 10. Be2 Ba4 11. Qd3 Bc6 12. O-O Nd5 13. Bd2 Nd7 14. a3 Nxc3
15. bxc3 Bd6 16. c4 Qh5 17. h3 Be7 18. Rfe1 O-O 19. Qe3 Bd6 20. Ne5 Qh4 21.
Nxc6 bxc6 22. c5 Bc7 23. Bf3 Nb8 24. Qb3 Qxd4 25. Qb7 Qxd2 26. Qxa8 Be5 27.
Rab1 Qa5 28. Bxc6 Bd4 29. Bb5 Bxc5 30. a4 Qd2 31. Qf3 a6 32. Red1 Qa5 33. Bd3
Qxa4 34. Bxh7+ Kxh7 35. Qh5+ Kg8 36. Qxc5 Re8 37. Rd4 Qa2 38. Rb7 Qa1+ 39. Kh2
a5 40. Qc7 Rf8 41. Rd8 Rxd8 42. Qxd8+ Kh7 43. Qh4+ Kg6 44. Rxb8 f5 45. Ra8 Kf7
46. Qh5+ Kf6 47. f4 e5 48. Ra6+ Ke7 49. Qg6 Qd4 50. Qe6+ Kd8 51. Ra8+ Kc7 52.
Rc8+ Kb7 53. Qc6+ Ka7 54. Ra8# {Hossa checkmated} 1-0

[Event "ICS rated blitz match"]
[Site "204.178.125.65"]
[Date "2001.01.03"]
[Round "?"]
[White "Hossa"]
[Black "Lopezco"]
[Result "1-0"]
[WhiteElo "2540"]
[BlackElo "1970"]
[PlyCount "47"]
[EventDate "2001.??.??"]

1. e4 d6 2. d4 Nf6 3. Nc3 g6 4. f4 Bg7 5. Nf3 c5 6. dxc5 Qa5 7. Bd3 Qxc5 8. Qe2
Bg4 9. Be3 Qa5 10. O-O Nc6 11. Bc4 O-O 12. a3 Nd7 13. Qd2 Bxf3 14. Rxf3 Qd8 15.
Rd1 Nb6 16. Ba2 Qc8 17. Bxb6 axb6 18. Bd5 Nd4 19. Rd3 Ne6 20. f5 Nc5 21. Rf3
Be5 22. Rdf1 Kg7 23. fxg6 f6 24. Rh3 {Lopezco resigns} 1-0

[Event "ICS rated blitz match"]
[Site "204.178.125.65"]
[Date "2001.01.03"]
[Round "?"]
[White "ChesterX"]
[Black "Hossa"]
[Result "1-0"]
[WhiteElo "2669"]
[BlackElo "2542"]
[PlyCount "97"]
[EventDate "2001.??.??"]

1. g3 e6 2. Bg2 d5 3. Nf3 Nf6 4. O-O Bd6 5. d3 e5 6. Nc3 c6 7. e4 d4 8. Ne2 c5
9. c3 Nc6 10. Qb3 Qc7 11. Bg5 Be6 12. Qc2 O-O 13. Bxf6 gxf6 14. Nh4 Qd7 15. f4
Bg4 16. fxe5 fxe5 17. Nf5 Bxf5 18. exf5 dxc3 19. bxc3 c4 20. dxc4 Na5 21. Bd5
Bc5+ 22. Kg2 Rfe8 23. Rad1 h6 24. Qe4 Bf8 25. Rd3 Rac8 26. Rb1 b6 27. f6 Kh8
28. Qh4 Qf5 29. Rdd1 Rc7 30. c5 Qc2 31. Qg4 bxc5 32. Be4 Qxa2 33. Qf5 Qxe2+ 34.
Kh1 Qxe4+ 35. Qxe4 Nc6 36. Qh4 a5 37. Rd5 Kh7 38. Qg4 Kh8 39. Rd7 Rec8 40. Rb7
Rxd7 41. Qxd7 Rb8 42. Rxb8 Nxb8 43. Qxf7 Nd7 44. Qxd7 h5 45. Qf7 Bh6 46. Qg6
Bf8 47. f7 Bg7 48. Qxh5+ Bh6 49. Qxh6# {Hossa checkmated} 1-0

[Event "ICS rated blitz match"]
[Site "204.178.125.65"]
[Date "2001.01.03"]
[Round "?"]
[White "Hossa"]
[Black "ChesterX"]
[Result "0-1"]
[WhiteElo "2532"]
[BlackElo "2679"]
[PlyCount "134"]
[EventDate "2001.??.??"]

1. g3 g6 2. Bg2 Bg7 3. Nf3 Nf6 4. O-O O-O 5. c4 d6 6. d4 c6 7. Nc3 a6 8. e4
Nfd7 9. Be3 e5 10. dxe5 Nxe5 11. Nxe5 dxe5 12. Bc5 Qxd1 13. Rfxd1 Re8 14. Na4
Nd7 15. Be3 b5 16. Bh3 Nf6 17. Bxc8 Raxc8 18. Nc5 a5 19. Nb7 Nxe4 20. f3 Rc7
21. Nxa5 Nf6 22. Bb6 Rcc8 23. Rd6 e4 24. Nxc6 Nd7 25. Ba5 Bxb2 26. Rb1 Ne5 27.
Rxb2 Nxc4 28. Na7 Ra8 29. Nxb5 Rxa5 30. Rc2 Rxb5 31. Rxc4 Rb1+ 32. Kf2 e3+ 33.
Ke2 Rb2+ 34. Ke1 Rxh2 35. a4 e2 36. Rh4 Rg2 37. Rh1 Re3 38. g4 Rxf3 39. Rd8+
Kg7 40. Rd4 Kf8 41. a5 Ra3 42. Kd2 Rxa5 43. Re1 h5 44. gxh5 gxh5 45. Rb4 Ra2+
46. Ke3 Rh2 47. Rb6 h4 48. Rb8+ Ke7 49. Rb4 f6 50. Kf4 Kf7 51. Rb7+ Kg6 52.
Rg1+ Kh6 53. Rbb1 Ra4+ 54. Ke3 h3 55. Rb6 Ra3+ 56. Ke4 Rg2 57. Rh1 Kg6 58. Rbb1
f5+ 59. Kf4 Rg4+ 60. Ke5 Rd3 61. Rb6+ Kg5 62. Ke6 Rd1 63. Rxh3 e1=Q+ 64. Re3
Qxe3+ 65. Kf7 Rd7+ 66. Kf8 Qc5+ 67. Ke8 Qc8# {Hossa checkmated} 0-1

[Event "ICS rated blitz match"]
[Site "204.178.125.65"]
[Date "2001.01.03"]
[Round "?"]
[White "Curioso"]
[Black "Hossa"]
[Result "0-1"]
[WhiteElo "1977"]
[BlackElo "2522"]
[PlyCount "40"]
[EventDate "2001.??.??"]

1. b3 d5 2. Bb2 c5 3. e3 Nc6 4. Nf3 Nf6 5. Bb5 a6 6. Bxc6+ bxc6 7. O-O e6 8. d4
cxd4 9. exd4 Bb7 10. Nbd2 Qc7 11. c4 Qf4 12. Rc1 Bd6 13. g3 Qg4 14. Ne1 Qh3 15.
f4 O-O 16. Qf3 Bb4 17. Bc3 Bxc3 18. Rxc3 c5 19. Rd3 dxc4 20. Nxc4 Bxf3 {
Curioso resigns} 0-1

[Event "ICS rated blitz match"]
[Site "204.178.125.65"]
[Date "2001.01.03"]
[Round "?"]
[White "Lopezco"]
[Black "Hossa"]
[Result "0-1"]
[WhiteElo "1913"]
[BlackElo "2523"]
[PlyCount "34"]
[EventDate "2001.??.??"]

1. d4 g6 2. c4 Bg7 3. Nc3 Nf6 4. e4 d6 5. f3 O-O 6. Be3 Na6 7. Qd2 c5 8. d5 e6
9. Bd3 Nb4 10. Bb1 exd5 11. cxd5 Nd7 12. a3 Qa5 13. Nge2 Ne5 14. b3 c4 15. O-O
cxb3 16. Qb2 Nc4 17. axb4 Qxb4 {Lopezco resigns} 0-1

[Event "ICS rated blitz match"]
[Site "204.178.125.65"]
[Date "2001.01.03"]
[Round "?"]
[White "Hossa"]
[Black "Lopezco"]
[Result "1-0"]
[WhiteElo "2524"]
[BlackElo "1912"]
[PlyCount "53"]
[EventDate "2001.??.??"]

1. e4 d6 2. d4 Nf6 3. Nc3 g6 4. f4 Bg7 5. Nf3 c5 6. dxc5 Qa5 7. Bd3 Qxc5 8. Qe2
Bg4 9. Be3 Qa5 10. O-O O-O 11. h3 Bxf3 12. Qxf3 Nc6 13. f5 Ne5 14. Qf2 Nfd7 15.
Nd5 e6 16. f6 exd5 17. fxg7 Kxg7 18. Qf4 Rfe8 19. exd5 Qxd5 20. Be4 Qe6 21.
Qh6+ Kg8 22. Bxb7 Rab8 23. Be4 Rxb2 24. Bxa7 d5 25. Bd3 Ra8 26. Bd4 Raxa2 27.
Bxb2 {Lopezco resigns} 1-0

[Event "ICS rated blitz match"]
[Site "204.178.125.65"]
[Date "2001.01.03"]
[Round "?"]
[White "Hossa"]
[Black "Lopezco"]
[Result "1-0"]
[WhiteElo "2526"]
[BlackElo "1910"]
[PlyCount "49"]
[EventDate "2001.??.??"]

1. e4 d6 2. d4 Nf6 3. Nc3 g6 4. f4 Bg7 5. Nf3 O-O 6. Bd3 Nc6 7. O-O Bg4 8. Be3
e5 9. dxe5 dxe5 10. fxe5 Nxe5 11. Be2 Bxf3 12. Bxf3 Qxd1 13. Bxd1 Rad8 14. Bg5
Rd6 15. a3 h6 16. Bf4 Re6 17. Be2 c6 18. Rad1 Rfe8 19. Be3 Ned7 20. Bc4 R6e7
21. Bb3 b6 22. Bf4 Ne5 23. Bxe5 Rxe5 24. Rd6 c5 25. Rdxf6 {Lopezco resigns} 1-0

[Event "ICS rated blitz match"]
[Site "204.178.125.65"]
[Date "2001.01.03"]
[Round "?"]
[White "Hossa"]
[Black "OVI68"]
[Result "1-0"]
[WhiteElo "2527"]
[BlackElo "2129"]
[PlyCount "55"]
[EventDate "2001.??.??"]

1. e4 d6 2. d4 Nf6 3. Nc3 g6 4. f4 Bg7 5. Nf3 O-O 6. Bd3 Nc6 7. O-O Bg4 8. Be3
e5 9. dxe5 dxe5 10. fxe5 Nxe5 11. Be2 Nxf3+ 12. Bxf3 Bxf3 13. Qxf3 c6 14. Bc5
Re8 15. Qf4 Qd7 16. Rad1 Qe6 17. Bd4 Nh5 18. Qf2 Bxd4 19. Rxd4 Rad8 20. Rxd8
Rxd8 21. Qxa7 Rd2 22. Qxb7 Rxc2 23. Qb8+ Kg7 24. Qb4 Qg4 25. Rxf7+ Kh6 26. Qf8+
Kg5 27. Qe7+ Kh6 28. Rxh7# {OVI68 checkmated} 1-0

[Event "ICS rated blitz match"]
[Site "204.178.125.65"]
[Date "2001.01.03"]
[Round "?"]
[White "OVI68"]
[Black "Hossa"]
[Result "1/2-1/2"]
[WhiteElo "2126"]
[BlackElo "2530"]
[PlyCount "125"]
[EventDate "2001.??.??"]

1. e4 c5 2. Nc3 Nc6 3. g3 g6 4. Bg2 Bg7 5. d3 e6 6. Be3 d6 7. Qd2 Nf6 8. h3 O-O
9. Bh6 d5 10. Bxg7 Kxg7 11. exd5 exd5 12. Nge2 d4 13. Ne4 Nxe4 14. Bxe4 Be6 15.
Nf4 a5 16. Nxe6+ fxe6 17. O-O Qf6 18. f4 Kg8 19. Kh2 Qf7 20. Rae1 Nb4 21. c3
dxc3 22. bxc3 Nd5 23. Bxd5 exd5 24. Re5 b5 25. Rfe1 Ra7 26. Qg2 Rd7 27. d4 cxd4
28. cxd4 h6 29. Rc1 h5 30. Rc5 h4 31. Rg5 hxg3+ 32. Qxg3 Qxf4 33. Qxf4 Rxf4 34.
Rcxd5 Rxd5 35. Rxd5 Rf2+ 36. Kg3 Rxa2 37. Rxb5 Kf7 38. Kf4 a4 39. Ra5 a3 40.
Ke5 Re2+ 41. Kd5 a2 42. Ra7+ Kf6 43. Kd6 Rd2 44. d5 g5 45. Kc6 Ke5 46. Re7+ Kd4
47. Ra7 Rc2+ 48. Kd6 Kc3 49. Kd7 Kb3 50. d6 Rh2 51. Ke7 Rxh3 52. d7 Re3+ 53.
Kf6 Rd3 54. Ke7 Kb2 55. Rb7+ Rb3 56. Rxb3+ Kxb3 57. d8=Q a1=Q 58. Qb6+ Kc4 59.
Qc6+ Kd3 60. Qb5+ Ke3 61. Qxg5+ Kf3 62. Qf6+ Qxf6+ 63. Kxf6 {
Game drawn because neither player has mating material} 1/2-1/2

[Event "ICS rated blitz match"]
[Site "204.178.125.65"]
[Date "2001.01.03"]
[Round "?"]
[White "mharket"]
[Black "Hossa"]
[Result "1-0"]
[WhiteElo "2756"]
[BlackElo "2547"]
[PlyCount "87"]
[EventDate "2001.??.??"]

1. c4 Nf6 2. g3 e6 3. Bg2 d5 4. Nf3 dxc4 5. Qa4+ Nbd7 6. Qxc4 Nb6 7. Qc2 Bb4 8.
b3 O-O 9. Bb2 Bd6 10. Na3 c6 11. Ne5 Nfd7 12. Nec4 Be7 13. O-O Nd5 14. Nb1 Qc7
15. a3 Rd8 16. Nc3 b6 17. d4 Ba6 18. Rfc1 Bg5 19. e3 Bxc4 20. bxc4 Nxe3 21.
fxe3 Bxe3+ 22. Kh1 Bxc1 23. Bxc1 e5 24. d5 cxd5 25. Nxd5 Qd6 26. Be3 Rac8 27.
Rf1 Qxa3 28. c5 Kh8 29. Rxf7 Nxc5 30. Qf5 Qa1+ 31. Bg1 Qc1 32. Rxg7 Qh6 33.
Rxa7 Ne6 34. Be3 Qg6 35. Qxe5+ Ng7 36. Be4 Re8 37. Ne7 Qf7 38. Qg5 Qf1+ 39. Bg1
Rc1 40. Ng6+ Kg8 41. Bd5+ Ne6 42. Nf8+ Kxf8 43. Qh6+ Kg8 44. Qg7# {
Hossa checkmated} 1-0

[Event "ICS rated blitz match"]
[Site "204.178.125.65"]
[Date "2001.01.03"]
[Round "?"]
[White "Curioso"]
[Black "Hossa"]
[Result "0-1"]
[WhiteElo "1967"]
[BlackElo "2540"]
[PlyCount "34"]
[EventDate "2001.??.??"]

1. g3 g6 2. Bg2 Bg7 3. d3 Nf6 4. Nc3 d5 5. e4 dxe4 6. Nxe4 Nxe4 7. dxe4 Qxd1+
8. Kxd1 Nc6 9. c3 Be6 10. Kc2 O-O-O 11. Ne2 Bc4 12. Re1 Bd3+ 13. Kb3 Na5+ 14.
Kb4 b6 15. Nf4 Bc2 16. c4 c5+ 17. Ka3 Nxc4# {Curioso checkmated} 0-1

[Event "ICS Rated standard match"]
[Site "204.178.125.65"]
[Date "2001.01.03"]
[Round "?"]
[White "Karol"]
[Black "Hossa"]
[Result "1-0"]
[WhiteElo "2332"]
[BlackElo "2306"]
[PlyCount "107"]
[EventDate "2001.??.??"]

1. e4 c5 2. d4 Nf6 3. e5 Ne4 4. Qd3 Qa5+ 5. c3 f5 6. f3 cxd4 7. fxe4 Nc6 8.
exf5 Qxe5+ 9. Be2 dxc3 10. Nxc3 Nb4 11. Qb1 d6 12. Nf3 Qxf5 13. Bb5+ Kd8 14.
O-O Qxb1 15. Rxb1 Bd7 16. Bxd7 Kxd7 17. a3 Nc6 18. Ng5 g6 19. Nd5 h6 20. Nf7
Rh7 21. Be3 Bg7 22. Rf2 e6 23. Nf6+ Bxf6 24. Rxf6 Ne7 25. Nxh6 Nd5 26. Ng4 Nxe3
27. Nxe3 Rg8 28. Ng4 Rhg7 29. Rbf1 Ke7 30. Nh6 Rh8 31. Rf7+ Rxf7 32. Nxf7 Rf8
33. Ng5 Rxf1+ 34. Kxf1 b5 35. g4 Kf6 36. h4 d5 37. b4 e5 38. Kf2 e4 39. Ke3 Ke5
40. h5 gxh5 41. gxh5 a6 42. h6 Kf6 43. Nxe4+ dxe4 44. Kxe4 Ke7 45. h7 Kd7 46.
h8=Q a5 47. Qf6 a4 48. Kd5 Kc7 49. Qe6 Kb7 50. Kc5 Ka7 51. Kxb5 Kb7 52. Qd7+
Kb8 53. Kb6 Ka8 54. Qb7# {Hossa checkmated} 1-0

[Event "ICS rated standard match"]
[Site "204.178.125.65"]
[Date "2001.01.03"]
[Round "?"]
[White "Hossa"]
[Black "BrazilianMaster"]
[Result "0-1"]
[WhiteElo "2291"]
[BlackElo "2606"]
[PlyCount "114"]
[EventDate "2001.??.??"]

1. e4 e5 2. Nf3 d6 3. d4 exd4 4. Nxd4 Nf6 5. Nc3 Be7 6. Bc4 O-O 7. O-O Nc6 8.
Nxc6 bxc6 9. Qd3 Nd7 10. Qe2 Bf6 11. Be3 Re8 12. Qd2 Ne5 13. Be2 Be6 14. b3 Ng4
15. Bf4 Qb8 16. a3 Qb6 17. h3 Qd4 18. Qxd4 Bxd4 19. Bd2 Ne5 20. Rab1 f5 21. Bh5
g6 22. Bd1 Rab8 23. Re1 Kf7 24. exf5 Bxf5 25. Ne4 c5 26. a4 c4 27. g4 Bd7 28.
Rc1 d5 29. Ng5+ Kf6 30. Nf3 Nxf3+ 31. Bxf3 cxb3 32. g5+ Kg7 33. Rxe8 Rxe8 34.
cxb3 c6 35. Bc3 Bxc3 36. Rxc3 Kf7 37. Bg4 Ke7 38. Re3+ Kd6 39. Bxd7 Rxe3 40.
fxe3 Kxd7 41. Kf2 Ke6 42. Kf3 Kf5 43. h4 c5 44. a5 a6 45. Kg3 Ke4 46. Kf2 Kd3
47. Ke1 Kxe3 48. Kd1 d4 49. b4 cxb4 50. Kc2 d3+ 51. Kb3 d2 52. Kxb4 Kd4 53. Kb3
d1=Q+ 54. Kb2 Kd3 55. h5 Qc2+ 56. Ka1 Kc3 57. hxg6 Qb2# {Hossa checkmated} 0-1

[Event "ICS rated standard match"]
[Site "204.178.125.65"]
[Date "2001.01.03"]
[Round "?"]
[White "BrazilianMaster"]
[Black "Hossa"]
[Result "1-0"]
[WhiteElo "2610"]
[BlackElo "2287"]
[PlyCount "85"]
[EventDate "2001.??.??"]

1. Nf3 Nf6 2. d4 g6 3. c4 Bg7 4. Nc3 d5 5. Qb3 dxc4 6. Qxc4 O-O 7. e4 Ne8 8. e5
c6 9. Be3 Nd7 10. e6 Nd6 11. exf7+ Nxf7 12. Be2 Nb6 13. Qb3 Bf5 14. O-O Qd6 15.
Ng5 Bxd4 16. Rfd1 e5 17. Nce4 Qe7 18. Nxf7 Bxe4 19. Rxd4 exd4 20. Nh6+ Kg7 21.
Bxd4+ Rf6 22. Ng4 Nd5 23. Re1 c5 24. Bxf6+ Nxf6 25. Bd3 c4 26. Qc3 cxd3 27.
Rxe4 Qf7 28. Nxf6 d2 29. Ng4+ Kf8 30. Qh8+ Qg8 31. Rf4+ Ke7 32. Qf6+ Kd7 33.
Qd4+ Kc7 34. Qc5+ Kb8 35. Qd6+ Kc8 36. Nf6 d1=Q+ 37. Qxd1 a5 38. Qc2+ Kd8 39.
Qc5 Ra6 40. Rd4+ Rd6 41. Rxd6+ Ke7 42. Qc7+ Kf8 43. Rd8# {Hossa checkmated} 1-0

[Event "ICS rated standard match"]
[Site "204.178.125.65"]
[Date "2001.01.03"]
[Round "?"]
[White "nitmo"]
[Black "Hossa"]
[Result "0-1"]
[WhiteElo "1934"]
[BlackElo "2283"]
[PlyCount "71"]
[EventDate "2001.??.??"]

1. e4 e5 2. Nf3 d6 3. d4 exd4 4. c3 dxc3 5. Nxc3 Nf6 6. e5 Ng4 7. Bf4 Nc6 8.
Bb5 Be7 9. h3 Ngxe5 10. Bxe5 dxe5 11. Qxd8+ Bxd8 12. Nxe5 O-O 13. Nxc6 bxc6 14.
Bxc6 Rb8 15. O-O-O Bf6 16. f4 Rb4 17. g3 Bxc3 18. bxc3 Rc4 19. Bd7 Rxc3+ 20.
Kb2 Rxg3 21. Bxc8 Rxc8 22. Rd7 h6 23. Rc1 Rb8+ 24. Ka1 Rxh3 25. Rdxc7 Rf3 26.
Rc8+ Rxc8 27. Rxc8+ Kh7 28. Rc7 Rxf4 29. Rxa7 Rf2 30. Rb7 g5 31. a4 g4 32. Rb1
g3 33. a5 g2 34. a6 Rf1 35. a7 Rxb1+ 36. Ka2 {nitmo resigns} 0-1

[Event "ICS rated blitz match"]
[Site "204.178.125.65"]
[Date "2001.01.03"]
[Round "?"]
[White "Hossa"]
[Black "Lopezco"]
[Result "1-0"]
[WhiteElo "2541"]
[BlackElo "1906"]
[PlyCount "44"]
[EventDate "2001.??.??"]

1. e4 d6 2. d4 Nf6 3. Nc3 g6 4. f4 Bg7 5. Nf3 O-O 6. Bd3 Bg4 7. h3 Bxf3 8. Qxf3
Nc6 9. Be3 e5 10. dxe5 dxe5 11. O-O-O Nd4 12. Qf2 c5 13. fxe5 Nd7 14. Kb1 Nxe5
15. Bb5 Qa5 16. Bxd4 cxd4 17. Rxd4 Rac8 18. Ra4 Qb6 19. Qxb6 axb6 20. Nd5 Rc5
21. b4 Rxb5 22. Nc7 Rxb4+ {Lopezco resigns} 1-0

[Event "ICS rated standard match"]
[Site "204.178.125.65"]
[Date "2001.01.03"]
[Round "?"]
[White "Hossa"]
[Black "BrazilianMaster"]
[Result "1/2-1/2"]
[WhiteElo "2287"]
[BlackElo "2611"]
[PlyCount "103"]
[EventDate "2001.??.??"]

1. Nf3 d5 2. c4 e6 3. e3 Nf6 4. cxd5 exd5 5. Nc3 Bd6 6. d4 O-O 7. Bd3 c5 8. Nb5
Be7 9. dxc5 Na6 10. O-O Nxc5 11. Bc2 Bd7 12. Nfd4 Nce4 13. f3 Qb6 14. fxe4 Bxb5
15. Nxb5 Qxb5 16. exd5 Qxd5 17. Qxd5 Nxd5 18. Be4 Rad8 19. Rf5 Nb4 20. Bxb7 Bf6
21. Bf3 Nd3 22. Be4 Rfe8 23. Bxd3 Rxd3 24. a4 Be5 25. g3 f6 26. Rb1 Rc8 27. Rf2
Rb3 28. Kg2 Rc4 29. a5 Ra4 30. Bd2 Kf7 31. Kf3 Rxb2 32. Rxb2 Bxb2 33. Rf1 Ke6
34. Rb1 Ra2 35. Ke4 g6 36. Kd3 h5 37. e4 g5 38. Kc2 Be5+ 39. Kd3 Ra3+ 40. Kc4
Ra4+ 41. Kd3 Rd4+ 42. Ke3 h4 43. gxh4 gxh4 44. Rb7 Ra4 45. Bb4 f5 46. exf5+
Kxf5 47. h3 Ke6 48. Kd3 Kd5 49. Rb5+ Ke6 50. Rb7 Kd5 51. Rb5+ Ke6 52. Rb7 {
Game drawn by repetition} 1/2-1/2